Politik : (Record no. 262)
[ view plain ]
| 000 -LEADER | |
|---|---|
| fixed length control field | nam a22 a 4500 |
| 003 - CONTROL NUMBER IDENTIFIER | |
| control field | AKMAL |
| 005 - DATE AND TIME OF LATEST TRANSACTION | |
| control field | 20170428092604.0 |
| 008 - FIXED-LENGTH DATA ELEMENTS--GENERAL INFORMATION | |
| fixed length control field | 170428s2008 my a g | 000 0 may d |
| 020 ## - INTERNATIONAL STANDARD BOOK NUMBER | |
| International Standard Book Number | 9789676121223 |
| 040 ## - CATALOGING SOURCE | |
| Original cataloging agency | AKMAL |
| 082 ## - DEWEY DECIMAL CLASSIFICATION NUMBER | |
| Classification number | 172.09595 POL |
| 090 00 - LOCALLY ASSIGNED LC-TYPE CALL NUMBER (OCLC); LOCAL CALL NUMBER (RLIN) | |
| Classification number (OCLC) (R) ; Classification number, CALL (RLIN) (NR) | 172.09595 |
| Local cutter number (OCLC) ; Book number/undivided call number, CALL (RLIN) | POL |
| 100 0# - MAIN ENTRY--PERSONAL NAME | |
| Personal name | Anis Yusar Yusoff |
| 9 (RLIN) | 584 |
| 245 10 - TITLE STATEMENT | |
| Title | Politik : |
| Remainder of title | isu-isu integriti : 2000-2008 / |
| Statement of responsibility, etc. | Anis Yusar Yusoff, Zubary Abady Sofian |
| 260 ## - PUBLICATION, DISTRIBUTION, ETC. | |
| Place of publication, distribution, etc. | Kuala Lumpur : |
| Name of publisher, distributor, etc. | Utusan Publications & Distributors, |
| Date of publication, distribution, etc. | 2008 |
| 300 ## - PHYSICAL DESCRIPTION | |
| Extent | 253ms. : |
| Other physical details | il. ; |
| Dimensions | 21cm. |
| 650 10 - SUBJECT ADDED ENTRY--TOPICAL TERM | |
| Topical term or geographic name entry element | Political ethics |
| Geographic subdivision | Malaysia |
| Chronological subdivision | 2000-2008 |
| 9 (RLIN) | 585 |
| 650 20 - SUBJECT ADDED ENTRY--TOPICAL TERM | |
| Topical term or geographic name entry element | Leadership |
| Geographic subdivision | Malaysia |
| Chronological subdivision | 2000-2008 |
| 9 (RLIN) | 586 |
| 650 20 - SUBJECT ADDED ENTRY--TOPICAL TERM | |
| Topical term or geographic name entry element | Integrity |
| 9 (RLIN) | 471 |
| 700 0# - ADDED ENTRY--PERSONAL NAME | |
| Personal name | Zubary Abady Sofian |
| 9 (RLIN) | 587 |
| 942 ## - ADDED ENTRY ELEMENTS (KOHA) | |
| Source of classification or shelving scheme | |
| Koha item type | Book |
| 950 ## - LOCAL HOLDINGS (RLIN) | |
| Permanent shelving location, LOC (RLIN) | AKMAL |
| Withdrawn status | Lost status | Source of classification or shelving scheme | Damaged status | Not for loan | Collection code | Home library | Current library | Shelving location | Date acquired | Inventory number | Total Checkouts | Full call number | Barcode | Date last seen | Price effective from | Koha item type |
|---|---|---|---|---|---|---|---|---|---|---|---|---|---|---|---|---|
| NON-FICTION | AKMAL Melaka | AKMAL Melaka | PINJAMAN | 28.04.2017 | 100565 | 172.09595 POL | 201700635 | 28.04.2017 | 28.04.2017 | Book | ||||||
| NON-FICTION | AKMAL Melaka | AKMAL Melaka | PINJAMAN | 28.04.2017 | 100581 | 172.09595 POL | 201701666 | 04.05.2017 | 28.04.2017 | Book |
